000 00620nam a2200241Ia 4500
003 OSt
005 20221005115544.0
006 a|||||r|||| 00| 0
007 ta
008 221004b |||||||| |||| 00| 0 tam d
024 _a48240
037 _cTextual
040 _aCRL
_cCRL
_btam
041 _2tam
_atam
082 _aO31,1C92:g, J1
100 _aIrasamani Ckanar Au.
_9627731
245 0 _aChilappadhihara hathigal
260 _c1951
650 _a TAMIL POETRY
650 _aTAMIL LITERATURE
942 _hO31,1C92:g, J1
_cTEXL
_2cc
999 _c1035180
_d1035180